000 00424nam a2200169Ia 4500
008 120912t1997 xxu||||| |||| 00| 0 eng d
041 _aeng
080 _a8 - 31
_bWIC
100 _aWickramasinghe,Martin
245 _aMadol Doova
260 _aTisara Publishers
_aDehiwala
_c1997
300 _b133p, ill, 18 cm
700 _aHalpe,Ashley
_etr.
942 _cBK
999 _c40058
_d40058
003 LK-CoDNM
040 _aLK-CoDNM
_dLK-CoDNM
_eLK-CoDNM